Football Teams Petr Čech Played For - Statistics

General Stats
  • This quiz has been taken 45 times
  • The average score is 3 of 5
Answer Stats
League Years Team % Correct
England 2004-2015 Chelsea FC
100%
England 2015-2019 Arsenal FC
97%
Czech Republic 2001-2002 AC Sparta Praha
54%
France 2002-2004 Stade Rennais FC
26%
Czech Republic 1999-2001 FK Chmel Blšany
9%
No matching quizzes found
Score Distribution
Percent of People with Each Score
Percentile by Number Answered
Your Score History
You have not taken this quiz